|
|
|
|
| LEADER |
00900nkm a2200265 a 4500 |
| 001 |
mzk03001083429 |
| 003 |
CZ BrMZK |
| 005 |
20160316134637.0 |
| 007 |
kj co| |
| 008 |
101022s1861 au ||| f || k|gerod |
| 040 |
|
|
|a BOA001
|b cze
|
| 072 |
|
7 |
|a 76
|x Grafické umění. Grafika
|2 Konspekt
|9 21
|
| 080 |
|
|
|a (0.026.6)76
|2 MRF
|
| 080 |
|
|
|a (0:82-94)
|2 MRF
|
| 100 |
1 |
|
|a Axmann, Josef,
|d 1793-1873
|7 jn20000728011
|4 aut
|
| 245 |
1 |
0 |
|a [Neznámý muž z konce 16. století]
|h [grafika] /
|c J. Axmann 1861
|
| 260 |
|
|
|a [Wien?] :
|b J. Axmann,
|c 1861
|
| 300 |
|
|
|a 1 list :
|b litografie ;
|c 28,5 x 22,5 cm
|
| 655 |
|
7 |
|a grafické listy
|7 fd132404
|2 czenas
|
| 655 |
|
7 |
|a portréty
|7 fd133099
|2 czenas
|
| 856 |
4 |
1 |
|u http://www.digitalniknihovna.cz/mzk/uuid/uuid:4936b89d-3c96-4969-94dc-7e1a71d59c86
|y Digitalizovaný dokument
|
| 910 |
|
|
|a BOA001
|b Skř.1R-1248.851,72
|
| 985 |
|
|
|a 1851-1900
|
| 990 |
|
|
|a GP
|
| 991 |
|
|
|k mzk
|